000 00421cam a2200169ua 4500
003 OSt
005 20260421145851.0
008 260421b |||||||| |||| 00| 0 eng d
041 _aeng
082 _a660
_bPAN/TE
100 _aPandey, G.N .
_91576
245 _aText book of chemical technology, Vol 2 /
250 _a2 /
260 _a :
_bVikas publishing house pvt Ltd ,
_c1994.
300 _a611 ; .
942 _cBK
999 _c1518
_d1518